000 00657nam a22001817a 4500
003 OSt
005 20250204144617.0
008 240822b ||||| |||| 00| 0 eng d
040 _c0
082 _aDPer 658.8 J826 Winter-Spring 2021 v. 29 n. 1-2
100 _aCronin, J. Joseph Jr.
_eauthor.
_958870
245 _aA commentary on "the role of services in the future" /
_cJ. Joseph Cronin, Jr.
260 _aUSA ;
_bTaylor & Francis Group,
_cWinter 2021.
300 _avolume 29, pages 23-36.
500 _aJournal of Marketing Theory and Practice, vol. 29, pages 23-36, Winter 2021.
700 _aCronin, J. Joseph Jr.
_eauthor.
_958870
942 _2ddc
_cPER
999 _c20835
_d20835